Fluid boundaries : forming and transforming identity in Nepal /

Bibliographic Details
Main Author: Fisher, William F., 1951-
Format: Book
Language:English
Published: New York : Columbia University Press, [2001]
Subjects:

MARC

Tag First Indicator Second Indicator Subfields
LEADER 00000cam a2200000 a 4500
001 in00001644331
005 20151023112349.0
008 010509s2001 nyua b 001 0 eng
010 |a  2001032461 
015 |a GBA1-U8445 
020 |a 0231110863 (cloth : alk. paper) 
020 |a 0231110871 (pbk. : alk. paper) 
029 1 |a UKM  |b bA1U8445 
035 |a (OCoLC)ocm46976597 
040 |a DLC  |c DLC  |d UKM  |d C#P  |d UtOrBLW 
043 |a a-np--- 
049 |a TXAM 
050 0 0 |a DS493.9.T45  |b F57 2001 
082 0 0 |a 305.891/495  |2 21 
100 1 |a Fisher, William F.,  |d 1951- 
245 1 0 |a Fluid boundaries :  |b forming and transforming identity in Nepal /  |c William F. Fisher. 
264 1 |a New York :  |b Columbia University Press,  |c [2001] 
264 4 |c ©2001 
300 |a xviii, 295 pages :  |b illustrations ;  |c 24 cm. 
336 |a text  |b txt  |2 rdacontent 
337 |a unmediated  |b n  |2 rdamedia 
338 |a volume  |b nc  |2 rdacarrier 
504 |a Includes bibliographical references (pages [261]-281) and index. 
650 0 |a Thakali (Nepalese people)  |x Ethnic identity. 
650 0 |a Thakali (Nepalese people)  |x Social life and customs. 
945 |i PromptCat 
948 |a cataloged  |b h  |c 2002/1/18  |d c  |e cmulkey  |f 2:46:54 pm 
994 |a 92  |b TXA 
999 |a MARS 
999 f f |s 84646d93-7aa7-354d-b881-bed670f82ef4  |i 2c0334fe-6664-3d6b-930b-5950357be0db  |t 0 
952 f f |p ric  |a Texas A&M University  |b Rellis Campus  |c Joint Library Facility  |d Remote Storage  |t 0  |e DS493.9.T45 F57 2001  |h Library of Congress classification  |i unmediated -- volume  |m A14828388291 
998 f f |a DS493.9.T45 F57 2001  |t 0  |l Remote Storage